[Event "Slawek"]
[Site "http://www.queenalice.com/game.php?id=1228107"]
[Date "2013.10.29"]
[Round "-"]
[White "spawnwolfwolverine"]
[Black "smalolepszy"]
[Result "0-1"]
[WhiteElo "1861"]
[BlackElo "1646"]

1. d4 c6 2. e3 b5 3. g3 Nf6 4. Bg2 h5 5. Nf3 d6 6. O-O Bg4 7. b3 d5 8. Bb2 a5 9.
Nbd2 Na6 10. a4 b4 11. c4 c5 12. dxc5 Nxc5 13. Bxf6 gxf6 14. h3 Bxf3 15. Nxf3
dxc4 16. Qxd8+ Rxd8 17. bxc4 e5 18. Nh4 e4 19. Nf5 Rg8 20. Nd4 Rg5 21. Nc6 Ra8
22. Rfd1 Be7 23. Nxe7 Kxe7 24. Rd5 b3 25. Rxg5 fxg5 26. f3 f5 27. fxe4 fxe4 28.
g4 hxg4 29. hxg4 b2 30. Rb1 Rb8 31. Kf2 Ke6 32. Ke2 Ke5 33. Kd2 Nd3 34. Kc3 Rb4
35. Bf1 Rxa4 36. Bxd3 exd3 37. Kxd3 Rb4 38. c5 Kd5 39. Kc3 Kxc5 40. Rxb2 Rxb2
41. Kxb2 Kd5 42. Kc3 Ke4 43. Kd2 a4 44. Kc2 Kxe3 45. Kb2 Kf4 46. Ka3 Kxg4 47.
Kxa4 Kf3 48. Kb4 g4 49. Kc3 g3 50. Kd3 g2 51. Kc3 g1=Q 52. Kb3 Qc5 53. Ka4 Ke4
54. Kb3 Qb5+ 55. Kc3 Ke3 56. Kc2 Qd3+ 57. Kb2 Kd2 58. Ka2 Kc2 59. Ka1 Qa3# 0-1

[Event "Let's Play !"]
[Site "http://www.queenalice.com/game.php?id=1229699"]
[Date "2013.11.4"]
[Round "-"]
[White "digger"]
[Black "smalolepszy"]
[Result "0-1"]
[WhiteElo "1596"]
[BlackElo "1621"]

1. e4 d6 2. d4 Nc6 3. d5 Ne5 4. Bf4 Ng6 5. Be3 Nf6 6. Bd4 Nxe4 7. Qe2 f5 8. Qf3
c6 9. dxc6 bxc6 10. Qxf5 Bxf5 11. Bd3 c5 12. Be3 Ne5 13. f3 Qa5+ 14. c3 Nxd3+
15. Kf1 Nf6 16. Nd2 Nxb2 17. g4 Qxc3 18. Re1 Bg6 19. h4 h5 20. g5 Nd5 21. Kf2
Nd3+ 22. Ke2 Nxe1 0-1

[Event "Slawek"]
[Site "http://www.queenalice.com/game.php?id=1236417"]
[Date "2013.11.30"]
[Round "-"]
[White "Taurus"]
[Black "smalolepszy"]
[Result "1-0"]
[WhiteElo "2091"]
[BlackElo "1682"]

1. e4 e6 2. d4 f5 3. Qh5+ g6 4. Qf3 Nc6 5. c3 d6 6. exf5 gxf5 7. Qh5+ Kd7 8. Bc4
d5 9. Bb5 Nf6 10. Qf3 a6 11. Ba4 b5 12. Bb3 Qe8 13. Ne2 b4 14. c4 Ne7 15. Ba4+
c6 16. cxd5 exd5 17. O-O h6 18. Bf4 Bg7 19. Nd2 a5 20. Rfe1 Ng6 21. Nc4 Ra6 22.
Nd6 Qe6 23. Ng3 Ne4 24. Ndxf5 Bxd4 25. Nxd4 Qf6 26. Nxe4 Qxd4 27. Rad1 Qxb2 28.
Nc5+ Kd8 29. Rxd5+ cxd5 30. Qxd5+ Bd7 31. Qxd7# 1-0

[Event "Slawek"]
[Site "http://www.queenalice.com/game.php?id=1238805"]
[Date "2013.12.10"]
[Round "-"]
[White "smalolepszy"]
[Black "spawnwolfwolverine"]
[Result "1-0"]
[WhiteElo "1682"]
[BlackElo "1722"]

1. Nc3 e5 2. Nf3 d6 3. d4 Bg4 4. dxe5 Bxf3 5. gxf3 dxe5 6. e4 Qxd1+ 7. Nxd1 Bb4+
8. c3 Ba5 9. b4 Bb6 10. Bb2 f6 11. c4 c6 12. h4 Ne7 13. h5 O-O 14. Bc1 Na6 15.
a3 f5 16. Rg1 f4 17. h6 g6 18. Rg5 Bc7 19. Bb2 b5 20. Bxe5 Bxe5 21. Rxe5 Rae8
22. cxb5 cxb5 23. Bxb5 Nc7 24. Bxe8 Rxe8 25. b5 Kf7 26. a4 Ne6 27. b6 axb6 28.
Rb5 Nd4 29. Rb2 Nxf3+ 30. Kf1 Rb8 31. a5 b5 32. a6 Nc6 33. Rc1 Ncd4 34. Rc7+ Kg8
35. a7 Ra8 36. Nc3 b4 37. Rxb4 Ne6 38. Rb8+ Rxb8 39. axb8=Q+ Nf8 40. Rg7+ Kh8
41. Qxf8# 1-0

[Event "Slawek"]
[Site "http://www.queenalice.com/game.php?id=1244276"]
[Date "2013.12.31"]
[Round "-"]
[White "smalolepszy"]
[Black "lida"]
[Result "0-1"]
[WhiteElo "1705"]
[BlackElo "2249"]

1. Nc3 c5 2. a3 Nc6 3. g4 d5 4. f3 e5 5. d3 Qh4+ 6. Kd2 Be6 7. Qe1 Qd8 8. Bh3
Be7 9. Qf2 c4 10. f4 exf4 11. Qxf4 Bg5 12. Ke1 Bxf4 13. Bxf4 Nf6 14. Bg5 O-O 15.
Bxf6 Qxf6 16. Nf3 Nd4 17. Nxd4 Qxd4 18. Rd1 Bxg4 19. Bxg4 Qxg4 20. Nxd5 Rfe8 21.
Rd2 Qg2 22. Rf1 Qxd5 23. b3 c3 24. Rd1 Qe5 25. Rf2 Re6 26. d4 Qe4 27. d5 Rd6 28.
Rd3 Rxd5 29. Rxc3 Qd4 30. Rd3 Qa1+ 31. Kd2 Rxd3+ 32. exd3 Re8 33. Re2 Rxe2+ 34.
Kxe2 Qc1 35. c4 f5 36. d4 Qxa3 37. d5 Qxb3 38. d6 Qxc4+ 39. Ke3 Qc5+ 40. Kf4
Qxd6+ 41. Kxf5 Qd4 42. h3 Kf7 43. Kg5 Qe4 44. h4 h6+ 45. Kh5 Qf5# 0-1

[Event "Challenge"]
[Site "http://www.queenalice.com/game.php?id=1246947"]
[Date "2014.1.10"]
[Round "-"]
[White "szybkielanie"]
[Black "smalolepszy"]
[Result "1-0"]
[WhiteElo "2053"]
[BlackElo "1705"]

1. e4 e5 2. Nf3 d6 3. d4 f6 4. dxe5 dxe5 5. Qxd8+ Kxd8 6. Be3 b6 7. Nbd2 Bb4 8.
c3 Bc5 9. Bxc5 bxc5 10. O-O-O Bg4 11. Nb3+ Kc8 12. Nxc5 Bxf3 13. gxf3 c6 14.
Bh3+ Kc7 15. Ne6+ Kb6 16. Nxg7 Ne7 17. Bf5 h5 18. Rd6 Nxf5 19. Nxf5 Na6 20. Rxf6
h4 21. Rg1 Rhg8 22. Rfg6 Rh8 23. Ne7 h3 24. Nxc6 Kc5 25. Nxe5 Nc7 26. Rc6+ Kb5
27. Rxc7 Rhc8 28. Rxc8 Rxc8 29. Rg6 Kc5 30. Rc6+ Rxc6 31. Nxc6 Kxc6 32. Kd2 Kd6
33. f4 Ke6 34. Ke3 a5 35. a4 Kd6 36. b4 Ke6 37. b5 Kd6 38. Kd4 Ke6 39. c4 Kd6
40. c5+ Ke6 41. c6 Kd6 42. e5+ Ke6 43. Ke4 Kf7 44. c7 Ke7 45. c8=Q Kf7 46. Qc6
Ke7 47. f5 Kd8 48. b6 Ke7 49. Qc7+ Ke8 50. b7 Kf8 51. b8=R# 1-0

[Event "5Generation "]
[Site "http://www.queenalice.com/game.php?id=1250635"]
[Date "2014.1.23"]
[Round "-"]
[White "jruizlac"]
[Black "smalolepszy"]
[Result "1-0"]
[WhiteElo "1872"]
[BlackElo "1703"]

1. d4 b5 2. e4 Ba6 3. Bd3 e6 4. Nf3 h6 5. b3 c6 6. Bb2 Qa5+ 7. Nc3 Bb4 8. Qd2
Bxc3 9. Bxc3 Qc7 10. O-O g5 11. h3 Nf6 12. e5 Nd5 13. Ba5 Qb7 14. a3 f5 15. exf6
Nxf6 16. Nxg5 hxg5 17. Qxg5 Rf8 18. Bg6+ Ke7 19. Bb4+ d6 20. Rfe1 Nd7 21. Bf5
Rg8 22. Rxe6+ Kf7 23. Qe3 c5 24. Re7+ Kf8 25. f3 cxb4 26. Re1 Rh8 27. Qg5 Rh7
28. Bxh7 Ne8 29. Qg8# 1-0

[Event "5Generation "]
[Site "http://www.queenalice.com/game.php?id=1250636"]
[Date "2014.1.23"]
[Round "-"]
[White "smalolepszy"]
[Black "jruizlac"]
[Result "0-1"]
[WhiteElo "1692"]
[BlackElo "1881"]

1. g4 e5 2. Bh3 d5 3. d3 Bc5 4. c3 Nc6 5. a3 a5 6. Nf3 Nge7 7. O-O O-O 8. b3 b5
9. Qc2 h5 10. d4 Bd6 11. Nxe5 Nxe5 12. dxe5 Bxe5 13. f4 hxg4 14. Bxg4 Bxc3 15.
Nxc3 Bxg4 16. Nxb5 c6 17. Nd4 Qd6 18. Kg2 Rfe8 19. Kg3 Bh5 20. a4 Rac8 21. e3 c5
22. Nb5 Qf6 23. Bd2 Nf5+ 24. Kf2 Qh4+ 25. Kg2 Rxe3 26. Qxf5 Re2+ 27. Rf2 Qxf2+
28. Kh3 Qxh2# 0-1

[Event "Let's Play Chess!"]
[Site "http://www.queenalice.com/game.php?id=1264530"]
[Date "2014.3.13"]
[Round "-"]
[White "smalolepszy"]
[Black "carlosufpe"]
[Result "0-1"]
[WhiteElo "1683"]
[BlackElo "1749"]

1. b4 e5 2. Ba3 Nf6 3. c4 Be7 4. Nc3 a5 5. Qa4 b6 6. b5 O-O 7. O-O-O Bxa3+ 8.
Qxa3 d6 9. h3 Bb7 10. f3 Nbd7 11. e4 Nc5 12. Kc2 Ne6 13. g4 Nd4+ 14. Kd3 Nd7 15.
h4 Nc5+ 16. Ke3 Nc2+ 17. Ke2 Nxa3 18. g5 f6 19. gxf6 Qxf6 20. d3 Nc2 21. Bg2
Nd4+ 22. Ke3 Qh6+ 23. Kf2 Qf4 24. Nce2 Nxe2 25. Kxe2 Qg3 26. Rh3 Qxg2+ 27. Ke3
Bc8 28. Rd2 Qxg1+ 29. Rf2 Nxd3 30. Kxd3 Qxf2 31. Rh1 Qxf3+ 32. Kd2 Qa3 33. Rh2
Qxa2+ 34. Kc3 Qxh2 35. h5 Rf3# 0-1

[Event "Let's Play Chess!"]
[Site "http://www.queenalice.com/game.php?id=1264917"]
[Date "2014.3.14"]
[Round "-"]
[White "smalolepszy"]
[Black "specktro"]
[Result "0-1"]
[WhiteElo "1669"]
[BlackElo "1634"]

1. b4 c6 2. Nf3 d5 3. Bb2 Nf6 4. h3 Nbd7 5. Bxf6 Nxf6 6. g4 g6 7. c3 Qb6 8. d4
a5 9. Qa4 Bg7 10. e3 O-O 11. Nbd2 Qc7 12. Rc1 b5 13. Qa3 Bd7 14. Nb3 axb4 15.
Qxb4 Rfe8 16. g5 Ne4 17. Bd3 Ra4 18. Bxe4 Rxb4 19. cxb4 dxe4 20. Nfd2 f5 21. f3
Qg3+ 22. Ke2 Qg2+ 23. Kd1 Qxh1+ 24. Kc2 Qxh3 25. fxe4 fxe4 26. Nxe4 Bf5 27. Nd2
Qxe3 28. Nf1 Qxe4+ 29. Kd2 Qxd4+ 30. Ke2 Qb2+ 31. Kd1 Rd8+ 32. Ke1 Qxc1+ 33. Ke2
Qxg5 34. Ne3 h5 35. Nxf5 Qxf5 36. Ke3 h4 37. Ke2 h3 38. a4 bxa4 39. b5 cxb5 40.
Ke3 h2 41. Ke2 h1=Q 42. Ke3 b4 43. Ke2 b3 44. Ke3 b2 45. Ke2 b1=Q 46. Ke3 Qb3+
47. Ke2 Qbf3# 0-1

[Event "Slawek"]
[Site "http://www.queenalice.com/game.php?id=1283841"]
[Date "2014.5.25"]
[Round "-"]
[White "kykobr"]
[Black "smalolepszy"]
[Result "0-1"]
[WhiteElo "1669"]
[BlackElo "1652"]

1. e4 a6 2. d4 b5 3. c4 c6 4. c5 e6 5. Nf3 f6 6. Bd3 h5 7. e5 f5 8. Ng5 g6 9.
Nd2 Qxg5 10. O-O Bh6 11. Nf3 Qe7 12. Bxh6 Nxh6 13. h4 Nf7 14. b4 a5 15. a3 a4
16. Qd2 Rg8 17. Ng5 Nxg5 18. hxg5 Rf8 19. f4 Rh8 20. Qe3 h4 21. Rf3 Na6 22. Rh3
Nc7 23. g3 Nd5 24. Qd2 Bb7 25. gxh4 O-O-O 26. Qe2 Nxf4 27. Qf3 Nxh3+ 28. Qxh3
Rh5 29. Be2 Rh7 30. Kg2 Rdh8 31. h5 Qxg5+ 32. Kf2 Qf4+ 33. Ke1 Qxd4 34. Qg3
Qxa1+ 35. Kf2 gxh5 0-1

[Event "Let's Play Chess!"]
[Site "http://www.queenalice.com/game.php?id=1288726"]
[Date "2014.6.18"]
[Round "-"]
[White "carlosufpe"]
[Black "smalolepszy"]
[Result "0-1"]
[WhiteElo "1630"]
[BlackElo "1669"]

1. d4 Nf6 2. e3 h5 3. Nf3 d6 4. c4 a5 5. Bd3 g6 6. d5 b6 7. b3 Nfd7 8. O-O Ba6
9. Bb2 Rg8 10. Nbd2 f6 11. Qc2 f5 12. Nd4 c6 13. dxc6 Nc5 14. Be2 e5 15. N4f3
Nxc6 16. Ba3 Nb7 17. Rad1 e4 18. Nd4 Nxd4 19. exd4 d5 20. Bxf8 Rxf8 21. Nb1 Rc8
22. Qd2 f4 23. cxd5 Bxe2 24. Qxe2 Qxd5 25. Nd2 Rc2 26. Qxe4+ Qxe4 27. Nxe4 Rxa2
28. Rfe1 f3 29. Nd6+ Kd7 30. Nxb7 Rb8 31. Nxa5 bxa5 32. gxf3 Rxb3 33. Kg2 a4 34.
Ra1 Rxa1 35. Rxa1 Rb4 36. d5 Kd6 37. Kg3 g5 38. h3 Kxd5 39. Ra2 h4+ 40. Kg2 Kc4
0-1

[Event "Slawek"]
[Site "http://www.queenalice.com/game.php?id=1295291"]
[Date "2014.7.16"]
[Round "-"]
[White "smalolepszy"]
[Black "bobifixer"]
[Result "0-1"]
[WhiteElo "1685"]
[BlackElo "1857"]

1. e4 c5 2. c4 d6 3. h3 Nc6 4. g4 Nf6 5. Nc3 e6 6. g5 Nd7 7. d3 g6 8. h4 Bg7 9.
Nb5 Nde5 10. f4 a6 11. Nc3 Nd7 12. Nce2 Nd4 13. Bg2 O-O 14. Be3 Nxe2 15. Qxe2
Rb8 16. O-O-O b5 17. b3 Bb7 18. Nf3 b4 19. a4 a5 20. d4 Bxe4 21. dxc5 dxc5 22.
Bxc5 Bxf3 23. Bxf3 Qc8 24. Bxf8 Nxf8 25. Kb1 Qc5 26. Kc2 Qf5+ 27. Qe4 Qc5 28.
Rd3 Re8 29. Rhd1 Qf2+ 30. R3d2 Qa7 31. Qc6 Re7 32. Rd8 Qf2+ 33. R1d2 Qe3 34. Qa8
Qc3+ 35. Kb1 Qxb3+ 36. Kc1 Qxc4+ 37. Kd1 Qf1+ 38. Kc2 Rc7+ 39. Bc6 Qc4+ 40. Kd1
Rxc6 41. R8d6 Qf1# 0-1

[Event "Let's Play Chess!"]
[Site "http://www.queenalice.com/game.php?id=1310365"]
[Date "2014.9.25"]
[Round "-"]
[White "carlosufpe"]
[Black "smalolepszy"]
[Result "1-0"]
[WhiteElo "1730"]
[BlackElo "1676"]

1. d4 b5 2. e3 c6 3. Nf3 Ba6 4. Be2 h5 5. O-O f6 6. b3 e6 7. Bb2 g6 8. c4 bxc4
9. Bxc4 Bxc4 10. bxc4 c5 11. Qb3 d6 12. Qb7 Nd7 13. Qb3 Rb8 14. Qc2 Rb7 15. dxc5
Nxc5 16. Qxg6+ Ke7 17. Nbd2 Rxb2 18. Ne4 Nxe4 19. Qxe4 Rb4 20. Qd3 a5 21. a3 Ra4
22. Qb3 Qd7 23. Nd4 d5 24. cxd5 exd5 25. Nf5+ Ke6 26. Nd4+ Kf7 27. Rfc1 Rc4 28.
Rxc4 dxc4 29. Qxc4+ Kg6 30. Qd3+ f5 31. Qa6+ Nf6 32. Nf3 Bd6 33. Qxa5 Rc8 34.
Nh4+ Kg5 35. Nf3+ Kg6 36. Qb6 Rc6 37. Qb1 Ng4 38. h3 Ne5 39. Nxe5+ Bxe5 40. Ra2
Ra6 41. Qb3 f4 42. Qc2+ Kg5 43. exf4+ Kxf4 44. Qc4+ Qd4 45. Qxa6 Qd1+ 46. Qf1
Qxf1+ 47. Kxf1 h4 48. a4 Bd4 49. a5 Ke5 50. a6 Ba7 51. Ke2 Ke4 52. Ra4+ Kd5 53.
Rxh4 Kc6 54. f3 Kb5 55. Rh6 Bb6 56. g4 Kxa6 57. h4 Kb7 58. Rxb6+ Kxb6 59. h5 Kc7
60. h6 Kd7 61. h7 Ke8 62. h8=Q+ Kf7 63. g5 Kg6 64. f4 Kf5 65. Qe5+ Kg4 66. g6
Kg3 67. f5+ Kg4 68. f6 Kh4 69. f7 Kg4 70. g7 Kh4 71. g8=R Kh3 72. Qh5# 1-0

[Event "Let's Play Chess!"]
[Site "http://www.queenalice.com/game.php?id=1335883"]
[Date "2015.1.21"]
[Round "-"]
[White "smalolepszy"]
[Black "ketchuplover"]
[Result "1-0"]
[WhiteElo "1666"]
[BlackElo "1635"]

1. Nc3 g6 2. e4 Bg7 3. d4 c6 4. b4 Nf6 5. f3 d6 6. Bf4 Nbd7 7. e5 Nh5 8. Nh3
Nxf4 9. Nxf4 dxe5 10. Nfe2 O-O 11. f4 exd4 12. Nxd4 Qb6 13. Nce2 1-0

[Event "Challenge"]
[Site "http://www.queenalice.com/game.php?id=1335907"]
[Date "2015.1.21"]
[Round "-"]
[White "smalolepszy"]
[Black "Wildhagen"]
[Result "1-0"]
[WhiteElo "1681"]
[BlackElo "1631"]

1. Nc3 e5 2. h3 Bc5 3. a3 Nf6 4. b4 Bb6 5. e3 d5 6. Nce2 O-O 7. c3 e4 8. a4 c5
9. a5 Bc7 10. bxc5 Bxa5 11. Ba3 Nc6 12. Qa4 b5 13. Qxb5 Bd7 14. Qb3 h6 15. Nf4
Be6 16. c4 Rb8 17. Qa4 Qd7 18. cxd5 Bxd5 19. Bb5 g5 20. Nfe2 Be6 21. Bxc6 Qxd2+
22. Kf1 Bc3 23. Rc1 Bb3 24. Qxa7 Bd1 25. Nxc3 Ra8 26. Bxa8 Qd3+ 27. Ke1 Rd8 28.
Nxd1 Nd7 29. c6 Ne5 30. c7 Qd2+ 31. Kf1 Nd3 32. cxd8=Q+ Kg7 33. Qf8+ 1-0

[Event "Let's Play Chess!"]
[Site "http://www.queenalice.com/game.php?id=1349748"]
[Date "2015.3.25"]
[Round "-"]
[White "smalolepszy"]
[Black "charles31"]
[Result "1-0"]
[WhiteElo "1695"]
[BlackElo "1748"]

1. Nf3 Nc6 2. g4 e5 3. d3 d5 4. Bh3 h6 5. O-O Bc5 6. a3 Nf6 7. c3 Bxg4 8. Bxg4
Nxg4 9. d4 e4 10. h3 exf3 11. hxg4 Bd6 12. exf3 g5 13. b4 a6 14. Re1+ Be7 15.
Qe2 f6 16. a4 Kf7 17. Ba3 h5 18. b5 axb5 19. Qxb5 Qc8 20. Qxd5+ Kf8 21. Re6 Rh7
22. Rxf6+ Ke8 23. Qg8+ Kd7 24. Qxh7 hxg4 25. fxg4 Qe8 26. d5 Kd8 27. Rf7 Rxa4
28. Bxe7+ Nxe7 29. Rxa4 Kd7 30. Re4 Kd6 31. Rexe7 1-0

[Event "Challenge"]
[Site "http://www.queenalice.com/game.php?id=1354081"]
[Date "2015.4.17"]
[Round "-"]
[White "smalolepszy"]
[Black "Zucoli"]
[Result "0-1"]
[WhiteElo "1713"]
[BlackElo "1769"]

1. b4 Nf6 2. Nc3 g6 3. Ba3 Bg7 4. d4 O-O 5. e4 d6 6. e5 dxe5 7. dxe5 Qxd1+ 8.
Rxd1 Nh5 9. Nf3 Nd7 10. g4 Nf4 11. Bc1 Ne6 12. Bc4 Nxe5 13. Bxe6 Nxf3+ 14. Ke2
Bxe6 15. Kxf3 Bxc3 16. Bh6 Rfd8 17. Rxd8+ Rxd8 18. a3 Bd5+ 19. Kg3 Bxh1 20. f3
Rd1 21. b5 Be1+ 22. Kh3 Bxf3 23. Bf4 Be2 24. Bxc7 Bf1# 0-1

[Event "Arte x Ciência "]
[Site "http://www.queenalice.com/game.php?id=1356943"]
[Date "2015.5.7"]
[Round "-"]
[White "ztnilz"]
[Black "smalolepszy"]
[Result "1-0"]
[WhiteElo "1929"]
[BlackElo "1692"]

1. d4 Nf6 2. c3 h5 3. h3 b5 4. b3 e6 5. Bb2 Nc6 6. Nd2 g6 7. e4 d5 8. e5 Ne4 9.
Bxb5 Qd7 10. Qc2 Bh6 11. Nxe4 dxe4 12. Qxe4 f5 13. Qxc6 Rb8 14. Qxe6+ Kd8 15.
Bxd7 Bxd7 16. Qf6+ Ke8 17. Qxh8+ Bf8 18. Ba3 Kf7 19. Qf6+ Kg8 20. Qxg6+ Bg7 21.
Qxh5 Be8 22. Qxf5 c6 23. Nf3 Rb7 24. Qe6+ Bf7 25. Qxc6 Rb6 26. Qa8+ Kh7 27. Qxa7
Rg6 28. Qxf7 Kh6 29. g4 Kh7 30. Bf8 Kh8 31. Bxg7+ Rxg7 32. Qf6 Kh7 33. Ng5+ Kh8
34. Ne6 Kh7 35. Qxg7# 1-0

[Event "Let's Play Chess!"]
[Site "http://www.queenalice.com/game.php?id=1362036"]
[Date "2015.5.28"]
[Round "-"]
[White "Bategoll"]
[Black "smalolepszy"]
[Result "1-0"]
[WhiteElo "1914"]
[BlackElo "1699"]

1. d4 d5 2. Nf3 Bg4 3. Nc3 Bxf3 4. exf3 c6 5. Bd3 g6 6. Bf4 Nd7 7. Qe2 Qb6 8.
O-O Qxd4 9. Bg3 Qb4 10. Rfb1 Bg7 11. a3 Qc5 12. Re1 Bxc3 13. bxc3 O-O-O 14. a4
Qxc3 15. Qe3 b6 16. a5 Nb8 17. Bf5+ gxf5 18. Qxc3 f6 19. axb6 axb6 20. Bxb8 Kxb8
21. Qxc6 Rd6 22. Ra8# 1-0

[Event "Bategoll_35"]
[Site "http://www.queenalice.com/game.php?id=1365819"]
[Date "2015.6.16"]
[Round "-"]
[White "Bategoll"]
[Black "smalolepszy"]
[Result "1-0"]
[WhiteElo "1890"]
[BlackElo "1685"]

1. d4 Nf6 2. Nc3 h5 3. e4 e6 4. e5 Nd5 5. Nxd5 exd5 6. f4 f6 7. Nf3 d6 8. Bd3
Bg4 9. Bd2 Nc6 10. Qe2 Be7 11. Bg6+ Kf8 12. e6 Qc8 13. f5 Nxd4 14. Qd3 c5 15.
O-O-O a6 16. Rde1 b5 17. Nxd4 cxd4 18. Qxd4 Qc4 19. Qxc4 dxc4 20. h3 Bxf5 21.
Bxf5 g5 22. Bc3 Rb8 23. Bg6 Kg7 24. Bf7 d5 25. a3 b4 26. axb4 Bxb4 27. Bxb4 Rxb4
28. Bxh5 Rxh5 29. e7 Rh8 30. e8=Q Rxe8 31. Rxe8 Kf7 32. Ra8 Rb6 33. Re1 f5 34.
Ra7+ Kf6 35. Ree7 g4 36. hxg4 fxg4 37. Rf7+ Ke5 38. Rae7+ Kd6 39. Rg7 Rb5 40.
Ra7 d4 41. Rxa6+ Kc5 42. Rxg4 c3 43. Rg5+ Kc4 44. b3+ Kb4 45. Ra4# 1-0

[Event "Slawek"]
[Site "http://www.queenalice.com/game.php?id=1375941"]
[Date "2015.8.7"]
[Round "-"]
[White "smalolepszy"]
[Black "Bategoll"]
[Result "1/2-1/2"]
[WhiteElo "1677"]
[BlackElo "1863"]

1. g4 d5 2. Bh3 e5 3. Nf3 e4 4. Nd4 c5 5. Nb5 Nc6 6. O-O Nf6 7. f3 a6 8. N5c3
Be6 9. d3 d4 10. Nxe4 Nxe4 11. dxe4 Bd6 12. c3 Qe7 13. e3 dxc3 14. bxc3 O-O-O
15. Nd2 Bc7 16. f4 Kb8 17. f5 Qd6 18. Rf2 Bc8 19. Qf3 f6 20. a4 Ne5 21. Qg3 Qc6
22. Bb2 Nd3 23. Qg2 Nxb2 24. e5 Qxg2+ 25. Bxg2 Nd3 26. Re2 Bxe5 27. Ra3 h5 28.
Bh3 h4 29. Nf3 Bd6 30. Rd2 c4 31. Ra1 Bc5 32. Re2 Rde8 33. Kg2 Rxe3 34. Rxe3
Bxe3 35. Ra2 Bc5 36. Nd2 Nf4+ 37. Kf3 Nxh3 38. Nxc4 Ng5+ 39. Kg2 Bd7 40. Na5 Be6
41. fxe6 Nxe6 42. Rb2 b6 43. Nc4 Nf4+ 44. Kf3 Nd5 45. a5 Ka7 46. Ke4 Nxc3+ 47.
Kd3 Nb5 48. axb6+ Bxb6 49. h3 1/2-1/2